000
00288nam a22001337a 4500
008
190305b xxu||||| |||| 00| 0 eng d
020
_a
072163575
041
_a
eng
080
_a
610
100
_a
4
101
_a
SHM
245
_a
Cecil Textbook of Medicine
_c
Bennett
942
_2
udc
_c
BK
999
_c
54564
_d
54564